Equipes ayant gagné la coupe du monde de football - Statistiques

Statistiques générales
  • Ce quiz a été pris 645 fois
  • Le résultat moyen est 21 sur 21
Statistiques - réponses
Année Pays % Correct
2014 Allemagne
100%
1990 Allemagne
100%
1974 Allemagne
100%
1954 Allemagne
100%
2018 France
100%
1998 France
100%
2002 Brésil
99%
1994 Brésil
99%
1970 Brésil
99%
1962 Brésil
99%
1958 Brésil
99%
2010 Espagne
99%
2006 Italie
99%
1982 Italie
99%
1938 Italie
99%
1934 Italie
99%
1986 Argentine
96%
1978 Argentine
96%
1950 Uruguay
94%
1930 Uruguay
94%
1966 Angleterre
92%
Aucun quiz correspondant
Distribution des résultats
% des personnes avec chaque résultat
Percentile par nombre de réponses
Votre historique - résultats
Vous n’avez pas pris ce quiz